[Event "XXIV Open"]
[Site "Cappelle La Grande FRA"]
[Date "2008.02.22"]
[Round "8"]
[White "Szelag,M"]
[Black "Royer,S"]
[Result "1-0"]
[WhiteElo "2484"]
[BlackElo "2250"]
[EventDate "2008.02.16"]

1. e4 e5 2. Nf3 Nc6 3. Bb5 a6 4. Ba4 Nf6 5. O-O b5 6. Bb3 Bc5 7. a4 Rb8 8.
c3 d6 9. d4 Bb6 10. Na3 O-O 11. axb5 axb5 12. Nxb5 exd4 13. cxd4 Bg4 14.
Ba4 d5 15. e5 Ne4 16. Qc2 Nb4 17. Qb3 Nc6 18. Qe3 f6 19. Nc3 Nxe5 20. Nd2
Nxd2 21. Qxd2 Ng6 22. Qd3 Kh8 23. h3 Bd7 24. Bc2 Be6 25. Re1 Bg8 26. Ba4
Qd6 27. Nb5 Qd8 28. Nc3 Qd6 29. b3 Rfc8 30. Ba3 Qf4 31. Ne2 Qg5 32. Rac1 f5
33. Bd7 Rf8 34. Bxf8 Rxf8 35. b4 f4 36. Bg4 h5 37. Bf3 Nh4 38. Kh2 Bh7 39.
Qb3 Nxf3+ 40. gxf3 Qh4 41. Kg2 Qg5+ 42. Kf1 Bf5 43. Ng1 Bxd4 44. Rcd1 Bb6
45. Rxd5 Qh4 46. Re2 Be6 47. Rxh5+ Qxh5 48. Qxe6 Qb5 49. Kg2 Qf5 50. h4 Rf6
51. Qxf5 Rxf5 52. Nh3 Kh7 53. Re4 c6 54. Rxf4 Rxf4 55. Nxf4 Bc7 56. Ne6 Bd6
57. Nd8 Bxb4 58. Nxc6 Bc3 59. Kg3 Kh6 60. f4 Bf6 61. Kg4 Bb2 62. Ne7 Bc3
63. Nf5+ Kh7 64. Ng3 Be1 65. Ne4 Bb4 66. Kh5 Ba5 67. Ng5+ Kg8 68. Kg6 Be1
69. Ne4 Ba5 70. f5 1-0

[Event "XXIV Open"]
[Site "Cappelle La Grande FRA"]
[Date "2008.02.22"]
[Round "8"]
[White "Grabinsky,V"]
[Black "Danielian,E"]
[Result "1/2-1/2"]
[WhiteElo "2295"]
[BlackElo "2480"]
[EventDate "2008.02.16"]

1. c4 c6 2. Nc3 d5 3. cxd5 cxd5 4. d4 Nf6 5. Bf4 Nc6 6. e3 a6 7. Bd3 Bg4 8.
Nge2 e6 9. Rc1 Be7 10. Qb3 Ra7 11. a3 O-O 12. Qa2 Bh5 13. b4 Bg6 14. Bxg6
hxg6 15. O-O Bd6 16. Rfd1 Bxf4 17. Nxf4 g5 18. Nd3 Qd6 19. h3 g6 20. Nc5 b6
21. N5a4 Ne7 22. Qe2 Rd8 23. Rc2 Kg7 24. Rdc1 b5 25. Nc5 Rh8 26. a4 bxa4
27. b5 g4 28. bxa6 Raa8 29. Nb5 Qb8 30. a7 Qg8 31. Nxe6+ fxe6 32. Rc7 Qd8
33. Rb7 gxh3 34. Rcc7 h2+ 35. Kh1 Nfg8 36. Qg4 Qf8 37. f4 Qf6 38. Nd6 a3
39. Nc8 a2 40. Qd1 Kh6 41. Nxe7 Nxe7 42. Rxe7 Qf5 43. Rb2 Qe4 44. Rxa2 Qxe3
45. f5 Qg1+ 46. Qxg1 hxg1=Q+ 47. Kxg1 exf5 48. Ra6 Kg5 49. Rg7 Kf4 50.
Rgxg6 Rh7 51. Rgd6 Raxa7 52. Rxa7 Rxa7 53. Rxd5 Ra2 54. Rd8 Rd2 55. Kh2 Ke4
56. Re8+ 1/2-1/2

[Event "XXIV Open"]
[Site "Cappelle La Grande FRA"]
[Date "2008.02.22"]
[Round "8"]
[White "Denayer,E"]
[Black "Tunik,G"]
[Result "0-1"]
[WhiteElo "2264"]
[BlackElo "2473"]
[EventDate "2008.02.16"]

1. Nf3 Nf6 2. c4 e6 3. g3 b6 4. Bg2 Bb7 5. O-O c5 6. Nc3 Be7 7. Re1 Ne4 8.
Nxe4 Bxe4 9. d3 Bb7 10. e4 d6 11. d4 cxd4 12. Nxd4 O-O 13. b3 a6 14. Bb2
Re8 15. f4 Nd7 16. f5 e5 17. Nc2 b5 18. cxb5 axb5 19. Nb4 Nf6 20. Kh1 Qa5
21. a3 Rac8 22. Qe2 Qa8 23. a4 bxa4 24. Rxa4 Qb8 25. Qd1 Qc7 26. h3 Qb6 27.
Kh2 Ra8 28. Nd3 Rxa4 29. bxa4 Qa5 30. Ba3 Bc6 31. Bb4 Qa8 32. Nf2 Bxa4 33.
Qd2 Bc6 34. g4 h6 35. h4 Qa7 36. Bf3 Rb8 37. Bc3 Nh7 38. Kg3 Bd8 39. Qxd6
Bxh4+ 40. Kh3 Ng5+ 0-1

[Event "XXIV Open"]
[Site "Cappelle La Grande FRA"]
[Date "2008.02.22"]
[Round "8"]
[White "Rasmussen,A"]
[Black "Carton,C"]
[Result "1-0"]
[WhiteElo "2468"]
[BlackElo "2221"]
[EventDate "2008.02.16"]

1. e4 e6 2. d4 d5 3. Nc3 Bb4 4. e5 c5 5. a3 Bxc3+ 6. bxc3 Ne7 7. Qg4 O-O 8.
Bd3 f5 9. exf6 Rxf6 10. Bg5 Rf7 11. Qh5 g6 12. Qd1 Nbc6 13. Nf3 c4 14. Be2
Qf8 15. Qc1 Nf5 16. g4 Nd6 17. Bh6 Qd8 18. Qe3 Qa5 19. Ng5 Rf6 20. a4 e5
21. dxe5 d4 22. exf6 1-0

[Event "XXIV Open"]
[Site "Cappelle La Grande FRA"]
[Date "2008.02.22"]
[Round "8"]
[White "Yandemirov,V"]
[Black "Bardoux,T"]
[Result "1-0"]
[WhiteElo "2461"]
[BlackElo "2179"]
[EventDate "2008.02.16"]

1. e4 c5 2. Nf3 e6 3. c4 Nc6 4. Nc3 d6 5. d4 cxd4 6. Nxd4 Be7 7. Be2 Nf6 8.
O-O O-O 9. Be3 a6 10. Qd2 Bd7 11. Rac1 Nxd4 12. Bxd4 Bc6 13. f3 Re8 14.
Rfd1 Rc8 15. b4 b6 16. a3 Bb7 17. Bf1 Nd7 18. Be3 Qc7 19. Qf2 Rb8 20. Qg3
Red8 21. Nd5 exd5 22. cxd5 Nc5 23. bxc5 bxc5 24. Bxc5 Qd7 25. Bd4 g6 26.
Qf2 Rdc8 27. Rb1 h5 28. Qd2 Kh7 29. Qb4 1-0

[Event "XXIV Open"]
[Site "Cappelle La Grande FRA"]
[Date "2008.02.22"]
[Round "8"]
[White "Schuurman,P"]
[Black "De la Villa Garcia,J"]
[Result "1/2-1/2"]
[WhiteElo "2271"]
[BlackElo "2460"]
[EventDate "2008.02.16"]

1. d4 Nf6 2. c4 e6 3. Nf3 Nc6 4. Nc3 Bb4 5. e3 O-O 6. Bd3 d6 7. O-O Bxc3 8.
bxc3 e5 9. Nd2 Re8 10. Qc2 h6 11. Ba3 b6 12. Rae1 Na5 13. f4 c5 14. e4 Ba6
15. Bc1 cxd4 16. cxd4 Nc6 17. Qa4 Bb7 18. fxe5 dxe5 19. d5 Ne7 20. Qd1 Ng6
21. Nb3 Nd7 22. Qf3 f6 23. Qg3 Kh7 24. Be2 Ndf8 25. h4 Qe7 26. Be3 Ba6 27.
Nd2 Red8 28. Rf5 Nh8 29. Ref1 Nf7 30. R5f2 Kh8 31. Bh5 Nd7 32. Bg4 Nf8 33.
Bh5 Nd7 34. Bg4 Nf8 1/2-1/2

[Event "XXIV Open"]
[Site "Cappelle La Grande FRA"]
[Date "2008.02.22"]
[Round "8"]
[White "Klovans,J"]
[Black "Klim,K"]
[Result "1/2-1/2"]
[WhiteElo "2447"]
[BlackElo "2154"]
[EventDate "2008.02.16"]

1. e4 c5 2. Nf3 Nc6 3. d4 cxd4 4. Nxd4 Nf6 5. Nc3 d6 6. Bg5 e6 7. Qd2 a6 8.
O-O-O Bd7 9. f4 b5 10. Bxf6 gxf6 11. Kb1 Qb6 12. Nxc6 Bxc6 13. Bd3 h5 14.
Rhf1 Qc5 15. Qe1 Be7 16. f5 Qe5 17. Qh4 O-O-O 18. Ne2 Rdg8 19. Nf4 Kb7 20.
Qh3 Bd7 21. Nxh5 b4 22. g4 a5 23. Rf3 Bc6 24. Qg3 exf5 25. Rxf5 Qxg3 26.
hxg3 Bd7 27. Be2 Bxf5 28. gxf5 Rc8 29. Bf3 Ka7 30. Rd3 Rc4 31. a4 bxa3 32.
Rxa3 a4 33. b3 d5 34. bxc4 Bxa3 35. exd5 Bd6 36. Ka2 Be5 37. c5 Rc8 38. c6
Kb6 39. Nf4 Rg8 40. Nd3 Rxg3 41. Bh5 Rg5 42. Bxf7 Rxf5 43. Ka3 Bd6+ 44.
Kxa4 Rf3 45. Kb3 f5 46. Kc4 Rg3 47. Kd4 Rg4+ 48. Ke3 Rc4 49. Be6 f4+ 50.
Kf3 Rxc2 1/2-1/2

[Event "XXIV Open"]
[Site "Cappelle La Grande FRA"]
[Date "2008.02.22"]
[Round "8"]
[White "Llaneza Vega,M"]
[Black "Gosset,A"]
[Result "1-0"]
[WhiteElo "2445"]
[BlackElo "2136"]
[EventDate "2008.02.16"]

1. e4 c6 2. Nc3 d5 3. Qf3 Nf6 4. e5 Ng4 5. d4 g6 6. h3 Nh6 7. g4 f6 8. Bf4
Nf7 9. exf6 exf6 10. O-O-O Bd6 11. Re1+ Kf8 12. Bd2 Kg7 13. Bd3 Nd7 14. h4
Nf8 15. Nge2 Ne6 16. Be3 Qc7 17. h5 Nfg5 18. Qg2 Bd7 19. Rh4 Nf4 20. Nxf4
Bxf4 21. Reh1 Be8 22. Ne2 Ne6 23. Qf3 Bg5 24. R4h2 Qd6 25. Kb1 Bf7 26. Qh3
gxh5 27. gxh5 Rhf8 28. f4 Nxf4 29. Bxf4 1-0

[Event "XXIV Open"]
[Site "Cappelle La Grande FRA"]
[Date "2008.02.22"]
[Round "8"]
[White "Cossin,S"]
[Black "Franklin,S"]
[Result "1-0"]
[WhiteElo "2438"]
[BlackElo "2001"]
[EventDate "2008.02.16"]

1. d4 Nf6 2. c4 g6 3. Nc3 Bg7 4. e4 d6 5. f3 O-O 6. Be3 c5 7. dxc5 dxc5 8.
Qxd8 Rxd8 9. Bxc5 Nc6 10. Nge2 Nd7 11. Ba3 Nde5 12. Nf4 e6 13. Rd1 Rxd1+
14. Nxd1 a5 15. Bc5 Bh6 16. Be3 Nb4 17. Kf2 Nxa2 18. Nd3 Bg7 19. Nxe5 Bxe5
20. f4 Bg7 21. e5 Bd7 22. Bd3 Nb4 23. Be4 Rc8 24. Nc3 Rxc4 25. Rd1 Bc6 26.
Rd8+ Bf8 27. f5 h5 28. Bb1 Rg4 29. g3 gxf5 30. Bc5 1-0

[Event "XXIV Open"]
[Site "Cappelle La Grande FRA"]
[Date "2008.02.22"]
[Round "8"]
[White "Strunski,A"]
[Black "Petkevich,J"]
[Result "1/2-1/2"]
[WhiteElo "2245"]
[BlackElo "2434"]
[EventDate "2008.02.16"]

1. d4 Nf6 2. c4 d6 3. Nc3 Nbd7 4. e4 e5 5. Nge2 Be7 6. d5 O-O 7. Ng3 Re8 8.
Be2 Bf8 9. Rb1 a5 10. a3 g6 11. Bg5 h6 12. Be3 h5 13. Bg5 Be7 14. h4 Nf8
15. Nf1 N8h7 16. Be3 Ng4 17. Bxg4 Bxg4 18. f3 Bd7 19. Bf2 f5 20. b4 axb4
21. axb4 Ra3 22. Qc1 Qa8 23. Nd2 Nf6 24. O-O fxe4 25. Ndxe4 Nxe4 26. fxe4
Rf8 27. Qb2 Rf4 28. Be3 Rxf1+ 29. Rxf1 Bxh4 30. Bh6 Be7 31. Nb1 Ra2 32. Qb3
Bg4 33. Qe3 Re2 34. Qd3 Qa2 35. Bd2 Bg5 36. Rf2 Rxf2 37. Kxf2 Qb2 38. b5
Bf4 39. Ke1 Bg3+ 40. Qxg3 Qxb1+ 41. Kf2 Qxe4 42. Qe3 Qf5+ 43. Kg3 b6 44.
Qg5 Kf7 45. Qh6 Ke8 46. Kh2 Kd7 47. Qh8 Be2 48. Qa8 Qg4 49. Qc6+ Kd8 50.
Qa8+ Ke7 51. Qg8 Kd7 52. Bg5 Qxg5 53. Qe6+ Kd8 54. Qg8+ Ke7 55. Qg7+ Kd8
56. Qg8+ 1/2-1/2

[Event "XXIV Open"]
[Site "Cappelle La Grande FRA"]
[Date "2008.02.22"]
[Round "8"]
[White "Andreasen,P"]
[Black "Olszewski,Mi"]
[Result "1/2-1/2"]
[WhiteElo "2207"]
[BlackElo "2430"]
[EventDate "2008.02.16"]

1. g3 Nf6 2. c4 e6 3. Bg2 c5 4. Nf3 b6 5. Ne5 d5 6. Qa4+ Nbd7 7. Nc3 b5 8.
Nxb5 Nxe5 9. Nc7+ Ke7 10. Nxa8 Bb7 11. d4 Ned7 12. dxc5 Qxa8 13. b4 Ne5 14.
b5 Nxc4 15. c6 Bc8 16. O-O Ke8 17. Bg5 Be7 18. Rac1 Nb6 19. Qb3 h6 20. Bf4
Ne4 21. Bxe4 dxe4 22. a4 Nd5 23. Be5 f6 24. Bd4 Bd8 25. Qc2 f5 26. f3 exf3
27. e4 Nf6 28. exf5 exf5 29. Qc4 Bb6 30. Rce1+ Ne4 31. Bxb6 axb6 32. Rxe4+
fxe4 33. Qxe4+ Kf7 34. Rxf3+ Kg8 35. Qe8+ Kh7 36. Qe4+ Kg8 37. Rd3 Bh3 38.
Qc4+ Kh7 39. Qe4+ Kg8 40. Qh4 Kh7 41. Qxh3 Rf8 42. Qe6 Qxa4 43. Qb3 Qg4 44.
Rd1 Kh8 45. Qd3 Qg5 46. Kg2 Qc5 47. Rd2 Qg5 48. c7 Qe5 49. Rc2 Qe6 50. Qc4
Qc8 51. Qd5 Kh7 52. Qd3+ Kh8 53. Qd6 Kg8 54. Rd2 Kh7 55. Qxf8 Qxf8 56. Rd8
Qe7 1/2-1/2

[Event "XXIV Open"]
[Site "Cappelle La Grande FRA"]
[Date "2008.02.22"]
[Round "8"]
[White "Sarrau,J"]
[Black "Tissir,M"]
[Result "1/2-1/2"]
[WhiteElo "2186"]
[BlackElo "2428"]
[EventDate "2008.02.16"]

1. e4 c5 2. Nc3 Nc6 3. g3 g6 4. Bg2 Bg7 5. d3 e6 6. f4 Nge7 7. Nf3 b6 8.
O-O O-O 9. Be3 d5 10. Bf2 dxe4 11. dxe4 Ba6 12. Re1 Qc7 13. e5 Rad8 14. Qc1
Nf5 15. Ne4 Ncd4 16. Nxd4 Nxd4 17. Kh1 h5 18. c3 Nf5 19. Rd1 Rxd1+ 20. Qxd1
Rd8 21. Qe1 Qd7 22. Kg1 Qa4 23. h3 Qc2 24. Qb1 Qa4 25. Qe1 Qc2 26. Qb1 Bd3
27. Qxc2 Bxc2 28. Rc1 Bxe4 29. Bxe4 Rd2 30. Rc2 Rd1+ 31. Kg2 g5 32. fxg5
Bxe5 33. Re2 Bd6 34. Bf3 Rd3 35. Be4 Rd1 36. Bf3 Rd3 37. Be4 Rd1 38. Bf3
Rd3 39. Be4 Rd1 40. Bf3 1/2-1/2

[Event "XXIV Open"]
[Site "Cappelle La Grande FRA"]
[Date "2008.02.22"]
[Round "8"]
[White "Vovk,Y"]
[Black "Hunt,D"]
[Result "1-0"]
[WhiteElo "2561"]
[BlackElo "1872"]
[EventDate "2008.02.16"]

1. e4 c5 2. Nf3 d6 3. d4 cxd4 4. Nxd4 Nf6 5. Nc3 a6 6. Bg5 e6 7. f4 Nc6 8.
e5 h6 9. Bh4 g5 10. Nxc6 bxc6 11. fxg5 Nd5 12. Ne4 Qb6 13. Bd3 Qxb2 14. O-O
Qxe5 15. Qf3 Ra7 16. Rae1 Qg7 17. c4 hxg5 18. Bf2 f5 19. Nxg5 Qxg5 20. Bxa7
Ne7 21. Be3 Qf6 22. c5 e5 23. cxd6 Qxd6 24. Bc4 f4 25. Rd1 Qh6 26. h3 Be6
27. Bxe6 Qxe6 28. Bc5 Nd5 29. Bxf8 Kxf8 30. Rb1 Kf7 31. Rb7+ Kf6 32. Qg3
Qg8 33. Qa3 Kf5 34. g4+ Kg5 35. Re1 Qe6 36. Qd3 Qf6 37. Rh7 Ne3 38. Rc1 c5
39. Rxc5 Qb6 40. Rxh8 1-0

[Event "XXIV Open"]
[Site "Cappelle La Grande FRA"]
[Date "2008.02.22"]
[Round "8"]
[White "Kostiukova,L"]
[Black "Sulskis,S"]
[Result "0-1"]
[WhiteElo "2290"]
[BlackElo "2553"]
[EventDate "2008.02.16"]

1. d4 Nf6 2. c4 e6 3. g3 d5 4. Bg2 dxc4 5. Nf3 Nc6 6. Qa4 Nd5 7. Qxc4 Nb6
8. Qd3 e5 9. O-O exd4 10. Rd1 Be6 11. Nxd4 Nxd4 12. Qxd4 Qxd4 13. Rxd4 c6
14. Nc3 Be7 15. Ne4 O-O 16. Bf4 Rfd8 17. Rxd8+ Rxd8 18. b3 h6 19. Nc3 Bb4
20. Rd1 Rxd1+ 21. Nxd1 a5 22. Be3 Nd5 23. Bd4 c5 24. Bb2 b5 25. e4 Nb6 26.
f4 c4 27. f5 Bc5+ 28. Kf1 Bc8 29. Ke1 b4 30. bxc4 Nxc4 31. Bc1 Bb7 32. Nb2
Ne5 33. h3 f6 34. Kd1 Bc6 35. Kc2 Bb5 36. Kb3 Nc6 37. Nd1 a4+ 38. Kc2 Nd4+
39. Kd2 a3 40. e5 Bc4 0-1

[Event "XXIV Open"]
[Site "Cappelle La Grande FRA"]
[Date "2008.02.22"]
[Round "8"]
[White "Miedema,R"]
[Black "Kulaots,K"]
[Result "0-1"]
[WhiteElo "2287"]
[BlackElo "2533"]
[EventDate "2008.02.16"]

1. d4 Nf6 2. c4 e6 3. Nc3 Bb4 4. a3 Bxc3+ 5. bxc3 b6 6. f3 O-O 7. e4 Ne8 8.
Bd3 Ba6 9. Nh3 Nc6 10. Qe2 Na5 11. e5 Qh4+ 12. Nf2 c5 13. g3 Qd8 14. Be3
cxd4 15. cxd4 Rc8 16. Rc1 d5 17. c5 Bxd3 18. Nxd3 Nc4 19. O-O Qd7 20. cxb6
axb6 21. Bd2 Nc7 22. Bb4 Rfe8 23. Nb2 Nb5 24. Nxc4 dxc4 25. Rxc4 Nxd4 26.
Qa2 b5 27. Rxc8 Rxc8 28. Rf2 h6 29. Kg2 Rc4 30. Qd2 Qd5 31. Bd6 Qc6 32. Bb4
Qc7 33. Bd6 Qc8 34. Qd3 Qc6 35. Rb2 Nf5 36. Kh3 Rd4 37. Qe2 Rc4 38. Rd2 h5
39. Rb2 g5 40. Kg2 g4 41. Kf2 Qb6+ 0-1

[Event "XXIV Open"]
[Site "Cappelle La Grande FRA"]
[Date "2008.02.22"]
[Round "8"]
[White "Forsaa,E"]
[Black "Nalbandian,T"]
[Result "1/2-1/2"]
[WhiteElo "2285"]
[BlackElo "2505"]
[EventDate "2008.02.16"]

1. e4 d6 2. d4 Nf6 3. Nc3 g6 4. Be2 Bg7 5. g4 c5 6. g5 Nfd7 7. d5 O-O 8. h4
a6 9. a4 b5 10. axb5 Nb6 11. Kf1 e6 12. Nh3 Bxc3 13. bxc3 axb5 14. Rxa8
Nxa8 15. Bxb5 Qa5 16. Be2 e5 17. c4 Nb6 18. f4 Re8 19. Nf2 Qa4 20. Qd3 N8d7
21. h5 exf4 22. Bxf4 Ne5 23. Qb3 Qb4 24. Nd3 Nxd3 25. Bxd3 Qa5 26. Qb2 Nxc4
27. Qf6 Nd2+ 28. Bxd2 Qxd2 29. h6 Kf8 30. Qxd6+ Re7 31. Qf6 Ke8 32. Bb5+
Rd7 33. Qh8+ Ke7 34. Qf6+ Ke8 35. Rh3 Qd1+ 36. Kg2 Qxc2+ 37. Qf2 Qxe4+ 38.
Kh2 Kd8 39. Bxd7 Bxd7 40. Re3 Qxd5 41. Qg3 Qd2+ 42. Kg1 Qd1+ 43. Kh2 Qd2+
44. Kg1 Qd1+ 45. Kh2 Qd2+ 46. Kg1 1/2-1/2

[Event "XXIV Open"]
[Site "Cappelle La Grande FRA"]
[Date "2008.02.22"]
[Round "8"]
[White "Totsky,L"]
[Black "Dubois,JM"]
[Result "1-0"]
[WhiteElo "2498"]
[BlackElo "2280"]
[EventDate "2008.02.16"]

1. e4 Nf6 2. e5 Nd5 3. d4 d6 4. Bc4 Nb6 5. Bb3 Bf5 6. e6 Bxe6 7. Bxe6 fxe6
8. Nf3 Nc6 9. O-O Qc8 10. Re1 Nd8 11. Ng5 g6 12. Qd3 e5 13. dxe5 Qf5 14.
Qb3 d5 15. Nf3 e6 16. Nc3 c6 17. Bg5 Be7 18. Bxe7 Kxe7 19. a4 Ke8 20. Ne2
h6 21. a5 Nd7 22. c4 Nc5 23. Qe3 Ne4 24. a6 b6 25. b4 Qf7 26. Nc3 Nxc3 27.
Qxc3 Rf8 28. Ra2 Qe7 29. Nd4 Rc8 30. cxd5 exd5 31. Nb5 Kd7 32. e6+ Ke8 33.
Qg3 cxb5 34. Qxg6+ Nf7 35. exf7+ Kd8 36. Rae2 1-0

[Event "XXIV Open"]
[Site "Cappelle La Grande FRA"]
[Date "2008.02.23"]
[Round "9"]
[White "Kravtsiv,M"]
[Black "Kazhgaleyev,M"]
[Result "1/2-1/2"]
[WhiteElo "2516"]
[BlackElo "2594"]
[EventDate "2008.02.16"]

1. e4 e5 2. Nf3 Nc6 3. Bb5 a6 4. Ba4 Nf6 5. d4 exd4 6. O-O Be7 7. e5 Ne4 8.
Nxd4 O-O 9. Nf5 d5 10. exd6 Bxf5 11. dxe7 Qxe7 12. Bxc6 bxc6 13. Qf3 Bg6
14. Nc3 Rfe8 15. Nxe4 Bxe4 16. Qc3 Qd6 17. Bd2 Rad8 18. Be1 Bf5 19. Qg3
Bxc2 20. Bc3 Qxg3 21. hxg3 f6 22. Rfe1 Be4 23. f3 Bd5 24. a3 Kf7 25. Rxe8
Rxe8 26. Re1 Rb8 27. g4 c5 28. Kf2 c6 29. Rh1 h6 30. Re1 Rh8 31. Rh1 Rd8
32. Re1 Be6 33. Re2 Rh8 34. Re1 h5 35. gxh5 Rxh5 36. Re4 c4 37. Re1 g5 38.
Rd1 Bd5 39. Re1 Rh8 40. Bb4 Kg6 41. Re7 g4 42. Kg3 gxf3 43. gxf3 Rh5 44.
Bd2 Kf5 45. Bc3 Rh1 46. Kg2 Rd1 47. Kf2 Rh1 48. Kg2 Rh8 49. a4 Rh4 50. Kg3
Rh1 51. Kg2 1/2-1/2

[Event "XXIV Open"]
[Site "Cappelle La Grande FRA"]
[Date "2008.02.23"]
[Round "9"]
[White "Rozentalis,E"]
[Black "Papp,Ga"]
[Result "1/2-1/2"]
[WhiteElo "2567"]
[BlackElo "2484"]
[EventDate "2008.02.16"]

1. e4 c5 2. c3 d5 3. exd5 Qxd5 4. d4 Nf6 5. Nf3 e6 6. Be3 Be7 7. Bd3 O-O 8.
O-O Nc6 9. a3 Ng4 10. Nbd2 cxd4 11. cxd4 f5 12. h3 Nge5 13. Nxe5 Nxe5 14.
Bc2 Nc6 15. Bb3 Qd6 16. Nc4 Qc7 17. f4 Rd8 18. Rc1 Bf6 19. Ne5 Qb6 20. Rc3
Ne7 21. Qc2 Nd5 22. Bxd5 exd5 23. Rb3 Qe6 24. Rc1 b6 25. Rc3 Bd7 26. Rc7 a5
27. Qb3 a4 28. Qd3 Be8 29. Bd2 Rdc8 30. Rxc8 Rxc8 31. Re1 Bd7 32. Ng4 Qd6
33. Nxf6+ Qxf6 34. Re5 Qc6 35. Bc3 Be6 36. Kh2 Re8 37. Qf3 Qd7 38. Bb4 Bf7
39. Qe2 Rxe5 40. Qxe5 b5 41. Qb8+ 1/2-1/2

[Event "XXIV Open"]
[Site "Cappelle La Grande FRA"]
[Date "2008.02.23"]
[Round "9"]
[White "Simutowe,A"]
[Black "Burmakin,V"]
[Result "1/2-1/2"]
[WhiteElo "2457"]
[BlackElo "2611"]
[EventDate "2008.02.16"]

1. e4 e6 2. d4 d5 3. Nc3 dxe4 4. Nxe4 Bd7 5. Nf3 Bc6 6. Bd3 Nd7 7. Qe2 Ngf6
8. Ng3 Be7 9. O-O Bxf3 10. Qxf3 c6 11. b3 O-O 12. Bb2 Qc7 13. c4 Rfd8 14.
Rad1 Nf8 15. Ne2 Qa5 16. a3 Qh5 17. Qg3 Bd6 18. f4 Ng6 19. h3 b5 20. Qe1
bxc4 21. bxc4 Rab8 22. Bc1 Ne7 23. Rf3 Bc7 24. Bd2 Nf5 25. Qf2 Qh4 26. Qf1
Ne8 27. Bc3 Qe7 28. Bb4 Bd6 29. c5 Bc7 30. Qf2 Qh4 31. Qf1 Qe7 32. Qf2 Qh4
33. Qf1 Qf6 34. Bc3 Qe7 35. Bc2 Nf6 36. Qf2 Nd5 37. Ba1 Qh4 38. Ba4 Qxf2+
39. Kxf2 Nfe7 40. g3 Ba5 41. Rb3 Rxb3 42. Bxb3 h5 43. Bc2 Nc7 44. Rb1 Ncd5
45. Rb7 Ra8 46. Bb2 Kf8 47. g4 hxg4 48. hxg4 Ke8 49. Be4 Bc7 50. Bc1 Kd7
51. Bd2 g6 52. g5 Kc8 53. Rb1 Kd7 54. Rb7 Rh8 55. Rxa7 Rh2+ 56. Bg2 Kc8 57.
Ra8+ Bb8 58. Kg3 Rh8 59. Ra4 Rh5 60. Kf2 Rh4 61. Bxd5 Nxd5 62. Kg3 Rh5 63.
Kg2 Kb7 64. Rc4 Rh4 65. Kg3 Rh5 66. Kg2 Rh4 67. Kg3 Rh5 68. Kg2 Rh4 69. Rc1
1/2-1/2

[Event "XXIV Open"]
[Site "Cappelle La Grande FRA"]
[Date "2008.02.23"]
[Round "9"]
[White "Petrosian,TL"]
[Black "Sergeev,Vl"]
[Result "1-0"]
[WhiteElo "2606"]
[BlackElo "2502"]
[EventDate "2008.02.16"]

1. e4 Nf6 2. e5 Nd5 3. g3 d6 4. exd6 exd6 5. Bg2 Nb6 6. Ne2 Be7 7. a4 a5 8.
O-O O-O 9. d4 c6 10. b3 Re8 11. Nf4 d5 12. Nd3 Bf5 13. Re1 Na6 14. c3 Nc7
15. Be3 Nd7 16. Ra2 Bd6 17. h3 Qf6 18. Rae2 h6 19. Nb2 Re6 20. Nd2 Rae8 21.
Nf1 Be4 22. Bc1 b5 23. Bxe4 dxe4 24. axb5 cxb5 25. Ne3 Nb6 26. d5 R6e7 27.
c4 b4 28. Nc2 Na6 29. Nd4 Nb8 30. Nb5 N8d7 31. Nxd6 Qxd6 32. Be3 Nc5 33.
Bxc5 Qxc5 34. Qd2 f5 35. Qf4 Rf7 36. Qe3 Nd7 37. Na4 Qd6 38. f4 Rc8 39. Rd1
Nc5 40. Nxc5 Rxc5 41. Ra2 Rf6 42. Qd4 Kh8 43. Kg2 Kh7 44. Rf1 Kh8 45. Kf2
Rg6 46. Rg1 Rf6 47. Ke3 Kg8 48. h4 h5 49. Kf2 Kh7 50. Rd1 Kh8 51. Kg2 Kh7
52. Qe5 Qd8 53. Qd4 Qd6 54. Rda1 Qc7 55. Qe3 Rg6 56. Kh2 Rf6 57. Ra4 Rg6
58. Qe2 Kh6 59. Qb2 Qb6 60. R1a2 Rf6 61. Kg2 Rg6 62. Qf2 Qc7 63. Kh3 Kh7
64. Qe2 Kh6 65. Qe3 Kh7 66. Qe2 Kh6 67. Qe3 Kh7 68. Qd4 Rf6 69. Qd1 Kh6 70.
Qd4 Kh7 71. Qa1 Qb6 72. Rxa5 Rxa5 73. Rxa5 Qf2 74. Qd1 Kh6 75. Ra8 Kh7 76.
Qxh5+ Rh6 77. Qxf5+ Rg6 78. Qh5+ Rh6 79. Qe8 Qf1+ 80. Kg4 Qf3+ 81. Kf5 Rf6+
82. Ke5 Qc3+ 83. Kxe4 Qe1+ 84. Kd4 Qd2+ 85. Kc5 Qf2+ 86. Kb5 Rb6+ 87. Ka5
Qc5+ 88. Ka4 1-0

[Event "XXIV Open"]
[Site "Cappelle La Grande FRA"]
[Date "2008.02.23"]
[Round "9"]
[White "Sokolov,And1"]
[Black "Mateo,Ra"]
[Result "1-0"]
[WhiteElo "2594"]
[BlackElo "2484"]
[EventDate "2008.02.16"]

1. e4 c5 2. Nf3 d6 3. d4 cxd4 4. Nxd4 e5 5. Bb5+ Bd7 6. Bxd7+ Qxd7 7. Nb3
Nf6 8. Nc3 h6 9. Be3 Nc6 10. Qe2 Be7 11. O-O-O O-O 12. Kb1 b5 13. Nxb5 Nxe4
14. Bxh6 a6 15. Qxe4 axb5 16. Be3 Qc7 17. c3 Ra4 18. Qd5 Rfa8 19. a3 Rb8
20. Rc1 Nd8 21. Rhd1 Qc4 22. Na1 Ne6 23. Nc2 Nc7 24. Qxc4 bxc4 25. Nb4 Rb5
26. f4 f6 27. Rc2 d5 28. fxe5 fxe5 29. Bf2 d4 30. cxd4 Bxb4 31. Rxc4 Be1
32. Rxa4 Bxf2 33. dxe5 Rxe5 34. Rf4 Re2 35. Rc4 Re7 36. a4 Ne8 37. b4 Nf6
38. a5 Rb7 39. Ka2 Rb5 40. Kb3 1-0

[Event "XXIV Open"]
[Site "Cappelle La Grande FRA"]
[Date "2008.02.23"]
[Round "9"]
[White "Lalic,B"]
[Black "Spraggett,K"]
[Result "1/2-1/2"]
[WhiteElo "2507"]
[BlackElo "2588"]
[EventDate "2008.02.16"]

1. d4 f5 2. Nf3 Nf6 3. g3 g6 4. Bg2 Bg7 5. c4 O-O 6. O-O d6 7. Nc3 Nc6 8.
d5 Na5 9. Qa4 c5 10. dxc6 Nxc6 11. Qc2 Be6 12. b3 Rc8 13. Bb2 Kh8 14. Rad1
Qa5 15. e3 Bg8 16. Qb1 a6 17. Rc1 b5 18. cxb5 axb5 19. Nd4 Nxd4 20. exd4 b4
21. Na4 f4 22. Rxc8 Rxc8 23. Qd3 Bd5 24. Bxd5 Nxd5 25. Rc1 Rf8 26. Rc2 Nf6
27. Bc1 Qh5 28. Bxf4 Nd5 29. Bc1 Qg4 30. Kg2 e6 31. h3 Qxd4 32. Qxd4 Bxd4
33. Bb2 Bxb2 34. Nxb2 Ra8 35. Nd3 Ra6 36. Kf3 Kg7 37. Nf4 Nxf4 38. Kxf4 Kf6
39. Ke4 g5 40. Kd4 Ra5 41. f3 h5 42. Ke3 Ke5 43. Rc4 Rxa2 44. h4 Rb2 45.
Re4+ Kf6 46. hxg5+ Kxg5 47. Rxe6 Rxb3+ 48. Ke2 Rb2+ 49. Ke3 Rb3+ 50. Ke2
Rb2+ 51. Ke3 b3 52. Rxd6 Rg2 53. Rd5+ Kg6 54. Rb5 b2 55. Kf4 Kf6 56. Rb6+
Ke7 57. Kg5 Rxg3+ 58. Kxh5 Rg2 59. f4 Kd7 60. f5 Kc7 61. Rb3 Kd6 62. f6 Ke6
63. Rb6+ Kf7 64. Kh4 Kg6 65. Kh3 Rf2 1/2-1/2

[Event "XXIV Open"]
[Site "Cappelle La Grande FRA"]
[Date "2008.02.23"]
[Round "9"]
[White "Gutman,G"]
[Black "Belov,Vl"]
[Result "1/2-1/2"]
[WhiteElo "2496"]
[BlackElo "2578"]
[EventDate "2008.02.16"]

1. d4 Nf6 2. Nf3 g6 3. c4 Bg7 4. Nc3 d5 5. Bg5 Ne4 6. cxd5 Nxg5 7. Nxg5 e6
8. Qd2 h6 9. Nf3 exd5 10. e3 c6 11. h3 O-O 12. Bd3 Nd7 13. O-O Nb6 14. Ne5
c5 15. dxc5 Bxe5 16. cxb6 axb6 17. Rfd1 Be6 18. Be2 Qg5 19. Nxd5 Bxh3 20.
Bf3 Ra4 21. e4 Qxd2 22. Rxd2 Be6 23. Nxb6 Rxa2 24. Rxa2 Bxa2 25. Be2 Re8
26. Bc4 Bxc4 27. Nxc4 Bf6 28. f3 Rc8 29. b3 b5 30. Nb6 Rc1+ 31. Kf2 Bc3 32.
Rd8+ Kg7 33. Nd5 Rc2+ 34. Ke3 Bb2 35. g4 h5 36. gxh5 gxh5 37. Kf4 Rg2 38.
Ne7 Kf6 39. Nd5+ Ke6 40. Re8+ Kd6 41. Rd8+ Ke6 42. Re8+ Kd6 43. Rd8+ Ke6
1/2-1/2

[Event "XXIV Open"]
[Site "Cappelle La Grande FRA"]
[Date "2008.02.23"]
[Round "9"]
[White "Mamedov,Nid"]
[Black "Banusz,T"]
[Result "1/2-1/2"]
[WhiteElo "2574"]
[BlackElo "2489"]
[EventDate "2008.02.16"]

1. e4 e5 2. Nf3 Nc6 3. Bb5 a6 4. Ba4 Nf6 5. O-O Be7 6. Re1 b5 7. Bb3 d6 8.
c3 O-O 9. h3 Na5 10. Bc2 c5 11. d3 Re8 12. Nbd2 Bf8 13. Nf1 h6 14. Ne3 Nc6
15. Nh2 g6 16. Qf3 h5 17. Bb3 Be6 18. Bxe6 Rxe6 19. Nd5 Nh7 20. Nf1 Rb8 21.
a3 a5 22. a4 b4 23. Bd2 Ne7 24. cxb4 axb4 25. Nfe3 Bh6 26. Nxe7+ Rxe7 27.
Qe2 Bxe3 28. Bxe3 Qd7 29. f4 exf4 30. Bxf4 Ra8 31. b3 Nf8 32. Bg5 Re5 33.
Bf6 Re6 34. Bb2 d5 35. Qc2 Qe7 36. Qf2 d4 37. Rad1 Re8 38. Re2 f5 39. Rde1
Nd7 40. Kh1 Ne5 41. exf5 Nxd3 42. Qg3 Rxe2 43. Rxe2 Qxe2 44. Qxg6+ 1/2-1/2